Provincias de Argentina por Primera Letra - Estadísticas

Estadísticas generales
  • Esta prueba ha sido intentada 407 veces
  • La puntuación promedio es 19 de 24
Respuestas en el mapa
Las respuestas están codificadas por una escala verde-roja en el mapa de la prueba según el % correcto abajo.
 
Estadísticas de respuestas
Province % Correcto
Ciudad de Buenos Aires
96%
Santiago del Estero
94%
Catamarca
89%
Chaco
89%
Chubut
89%
Córdoba
89%
Corrientes
89%
Buenos Aires
88%
Salta
84%
San Juan
84%
San Luis
84%
Santa Cruz
84%
Santa Fe
84%
Tierra del Fuego
84%
La Rioja
75%
Rio Negro
75%
Jujuy
74%
Mendoza
73%
Misiones
73%
La Pampa
69%
Entre Ríos
68%
Formosa
68%
Tucumán
67%
Neuquén
58%
No se encontraron pruebas coincidentes
Distribución de puntuación
Porcentaje de gente con cada puntuación
Porcentaje por número respondido
Historial de tus puntuaciones
No has intentado esta prueba.